An image-based approach to render complex 3-D environments /
Saved in:
| Main Author: | |
|---|---|
| Format: | Thesis Book |
| Language: | English |
| Published: |
1998.
|
| Subjects: | |
| Tags: |
Add Tag
No Tags, Be the first to tag this record!
|
| LEADER | 00796cam a2200241 a 4500 | ||
|---|---|---|---|
| 001 | u436475 | ||
| 003 | SIRSI | ||
| 008 | 990313s1998 si v 00 1 eng m | ||
| 035 | |a ACG-7734 | ||
| 040 | |a UMM | ||
| 090 | |a T385 |b Lee | ||
| 100 | 1 | 0 | |a Lee, Liang Chye. |
| 245 | 1 | 2 | |a An image-based approach to render complex 3-D environments / |c by Lee Liang Chye. |
| 260 | |c 1998. | ||
| 300 | |a viii, 94 leaves : |b ill. ; |c 30 cm. | ||
| 502 | |a Dissertation (M.Sc.) -- National University of Singapore, 1998. | ||
| 504 | |a Bibliography: leaves 72-94. | ||
| 650 | 0 | |a Computer graphics. | |
| 650 | 0 | |a Three-dimensional display systems. | |
| 650 | 0 | |a Image processing |x Digital techniques. | |
| 948 | |a 13/03/1999 |b 25/05/1999 | ||
| 596 | |a 1 | ||
| 999 | |a T385 LEE |w LC |c 1 |i A508381755 |l STACKS |m P01UTAMA |r Y |s Y |t TESIS |u 3/6/1999 | ||
